[Event "Grosseto op 2nd"]
[Site "Grosseto"]
[Date "2013.05.10"]
[Round "2"]
[White "Barbafiera, Luigi"]
[Black "Genci, Isufaj"]
[Result "1/2-1/2"]
[WhiteElo "1978"]
[BlackElo "1770"]
[PlyCount "44"]
[EventDate "2013.05.09"]
[EventType "swiss"]
[EventRounds "6"]
[EventCountry "ITA"]
[SourceTitle "CBM 154 Extra"]
[Source "ChessBase"]
[SourceDate "2013.06.25"]
[SourceVersion "2"]
[SourceVersionDate "2013.06.25"]
[SourceQuality "1"]

1. c4 c5 2. Nc3 Nf6 3. g3 g6 4. Bg2 Bg7 5. e3 0-0 6. Nge2 a6 7. 0-0 Nc6 8. d4 cxd4 9. exd4 d6 10. h3 Rb8 11. a4 Qc7 12. Be3 Bd7 13. Rc1 Nb4 14. Qd2 Bf5 15. Nb5 axb5 16. Qxb4 bxc4 17. Nf4 g5 18. Nd5 Nxd5 19. Bxd5 Bxh3 20. Bxc4 Qd7 21. Rfe1 Qf5 22. Qb5 h6 1/2-1/2